000 00284nam a22001337a 4500
008 210302b ||||| |||| 00| 0 eng d
020 _a9780323087872
041 _aeng
080 _24th
_a616
100 _a9
101 _aPAT
245 _aPathology
_cGoljan,F.E
942 _2udc
_cBK
999 _c55540
_d55540